|
|
|
|
| LEADER |
00821nam a2200229 i 4500 |
| 001 |
c000069552 |
| 003 |
CARM |
| 005 |
00000000000000.0 |
| 008 |
870907s19571949 00000 eng d |
| 019 |
1 |
|
|a 10744731
|z 50703575
|5 LACONCORD2021
|
| 035 |
|
|
|a (OCoLC)154725736
|5 LACONCORD2021
|
| 100 |
1 |
|
|a Winslow, Anne Goodwin.
|
| 245 |
1 |
4 |
|a The springs.
|
| 250 |
|
|
|a <1st ed.>.
|
| 260 |
|
|
|a New York :
|b A.A. Knopf,
|c 1949.
|
| 300 |
|
|
|a 227 p. ;
|c 19 cm.
|
| 500 |
|
|
|a 'A condensed version ... appeared in the Ladies' home journal'.
|
| 500 |
|
|
|a M copy is 1957 printing
|
| 852 |
8 |
|
|b CARM
|h A2:AI12G0
|i A02129
|p 0139219
|f BK
|
| 082 |
0 |
|
|a 810.54
|
| 999 |
f |
f |
|i 56d0ce7f-9b81-5f13-b47f-5e41743b2a08
|s bbfa2973-48ab-5144-9b9a-c2e69da17a0e
|
| 952 |
f |
f |
|p Can circulate
|a CAVAL
|b CAVAL
|c CAVAL
|d CARM 1 Store
|e A02129
|f A2:AI12G0
|h Other scheme
|i book
|m 0139219
|